Famous People From London, England, UK. By Picture - Statistics

General Stats
  • This quiz has been taken 130 times
    111 since last reset
  • The average score is 10 of 19
Answer Stats
Picture Answer % Correct
Queen Elizabeth ll
96%
Prince William
89%
David Beckham
88%
Simon Cowell
86%
Daniel Radcliffe
79%
Idris Elba
70%
Alan Rickman
65%
Dua Lipa
63%
King Henry Vlll
62%
Stephan Fry
59%
Alan Turing
56%
Bear Grylls
45%
Angela Lansbury
32%
Virginia Woolf
27%
Stella McCartney
20%
Mary Shelley
19%
Andrew Lincoln
18%
Charlie Chaplin
13%
Beatrix Potter
9%
No matching quizzes found
Score Distribution
Percent of People with Each Score
Percentile by Number Answered
Your Score History
You have not taken this quiz since the last reset